000 00464nam a2200193Ia 4500
005 20240823060300.0
008 240823s9999||||xx |||||||||||||| ||und||
041 _aENGLISH
082 _A621.564 P9
100 _aIsakki Muthu M
245 0 _aRefrigeration and Airconditioning
250 _a3rd
260 _c2009
_bpratheeba Publi
500 _aTRANSFERED
650 _aMechanical
_bMechanical
700 _aChellappa C S
942 _cBK
999 _c230764
_d230764